000 00930nam a22002897a 4500
003 CHAP
005 20220329135619.0
008 971013s1971 r 00010 d
010 _a39311
011 _a40283
035 _a44408
040 _cCHAP
082 _a301.35
_bM6
245 _aMonografía del municipio de Texcoco
260 _a(s.l.) :
_bGobierno del Estado de México,
_c(1971)
300 _a71 h.
_b: ilus
590 _aBATCH-UPD
_b10
_c20130110
_lUCH01
_h1148
590 _aBATCH-UPD
_b10
_c20130410
_lUCH01
_h0732
590 _aBATCH-UPD
_b10
_c20130914
_lUCH01
_h1826
590 _aCONVERSION
_b10
_c20130109
_lUCH01
_h1322
650 1 4 _aMéxico (Edo.)
_xCondiciones económicas.
_976824
650 1 4 _aMéxico (Edo.)
_xCondiciones sociales.
_976825
650 1 4 _zMéxico (Edo.)
_xCondiciones rurales.
_9124376
901 _aBK
942 _cLIBRO
949 _a301.35 M6
_bBC
_cESP
_d33724000594073
_eESP
_h61002
_i44408
_si
999 _c39311
_d39311